Sports Quiz

Random Sports or NBA Quiz

NBA Team Logos Quiz Stats

 Plays Quiz not verified by Sporcle

Challenge
Share
Tweet
Score 0/15 Timer 03:00
0 Plays Today
% Correct
???
93.4%
???
93.4%
???
91.8%
???
91.8%
???
90.2%
???
90.2%
???
88.5%
???
86.9%
% Correct
???
85.2%
???
82%
???
80.3%
???
44.3%
???
31.1%
???
27.9%
???
8.2%

You're not logged in!

Compare scores with friends on all Sporcle quizzes.
OR
Log In

You Might Also Like...

Show Comments

Extras

Created Feb 27, 2015ReportNominate
Tags:NBA Quiz, team

Top Quizzes Today


Score Distribution

Your Account Isn't Verified!

In order to create a playlist on Sporcle, you need to verify the email address you used during registration. Go to your Sporcle Settings to finish the process.

Report this User

Report this user for behavior that violates our Community Guidelines.

Details: